000 00793nam a2200277 i 4500
001 106857
003 ES-MaACL
005 20250710062728.0
007 t|
008 070108s2000 fr ||||1| fre d
020 _a2-13-050701-8
080 _a726.1 Torre de Babel
080 _a903(567)
100 1 _aVicari, Jacques.
_9114309
245 1 3 _aLa tour de Babel /
_cJacques Vicari.
250 _a1er. ed.
260 _aParis :
_bPUF,
_c[2000]
300 _a127 p. :
_bil. ;
_c18 cm.
490 1 _aQue sais-je? ;
_v3555
500 _aBiblioteca Jacinto Martínez Lacalle.
650 1 4 _aTorre de Babel.
_917565
651 4 _aMesopotamia-
_xRestos arqueológicos.
_99058
830 0 0 _aQue sais-je?
_v3555
_9180931
852 _aES-MaACL
_jE-11511
_bR.139498
999 _c106857
_d106857